01017nam a2200229 a 450000100100000000500170001000800410002702000180006804000260008610000370011224500820014926000720023130000210030349000900032449000250041450400730043950000700051270000380058271000540062083000880067483000250076200004326220250909091242.0140303s2008 sp 000 0 spa d a9788483470756 aDO-SdBNPbspiacBNPHU1 aRecasens Siches, Luisd1903-197710aLuis Recasens Siches /cedición e introducción de Alberto J. Ribes Leiva. aMadrid :bAgencia Española de Cooperación Internacional,c2008. a220 p. ;c24 cm.1 aAntología del pensamiento político, social y económico de América latina ;v91 aCiencias y humanismo aIncluye referencias bibliográficas y notas al pie de las páginas aIncluye datos biográficos del autor en al solapa de la cubierta1 aRibes Leiva, Alberto Javier,eed.2 aAgencia Española de Cooperación Internacional 0aAntología del pensamiento político, social y económico de América latinav9 0aCiencias y humanismo